| 000 | 00457cam a2200169ua 4500 | ||
|---|---|---|---|
| 003 | OSt | ||
| 008 | 241030b |||||||| |||| 00| 0 eng d | ||
| 020 | _a9780074636312 | ||
| 082 |
_a621.47 _bGAR/SO |
||
| 100 |
_aGarg, H.P; . _91264 |
||
| 100 |
_aPrakash, J. _91265 |
||
| 245 | _aSolar Energy: fundamentals and Application / | ||
| 250 | _a1- Re | ||
| 260 |
_aNew Delhi : _bTata Mc-Graw Hill Publishing Company , _c2013 |
||
| 300 | _a434p. | ||
| 942 | _cBBS | ||
| 999 |
_c12969 _d12969 |
||